| Tag |
First Indicator |
Second Indicator |
Subfields |
| LEADER |
00000cam a22000008a 4500 |
| 001 |
in00002047821 |
| 005 |
20151101064501.0 |
| 008 |
041209s2005 enka f 000 0 eng |
| 015 |
|
|
|a GBA504217
|2 bnb
|
| 016 |
7 |
|
|a 013085411
|2 Uk
|
| 020 |
|
|
|a 0500342075 (hbk.)
|
| 035 |
|
|
|a (OCoLC)ocm57484947
|
| 040 |
|
|
|a UKM
|c UKM
|d OCLCQ
|d TXA
|d UtOrBLW
|
| 043 |
|
|
|a n-us---
|
| 049 |
|
|
|a TXAM
|
| 082 |
0 |
4 |
|a 712.092
|2 22
|
| 090 |
|
|
|a SB470.W34
|b A4 2005
|
| 100 |
1 |
|
|a Walker, Peter,
|d 1932-2010.
|
| 245 |
1 |
0 |
|a Peter Walker and Partners :
|b landscape architecture - defining the craft /
|c [Peter Walker ; introduction by Jane Brown Gillette].
|
| 264 |
|
1 |
|a London :
|b Thames & Hudson,
|c 2005.
|
| 300 |
|
|
|a 231 pages :
|b illustrations (chiefly color) ;
|c 28 cm.
|
| 336 |
|
|
|a text
|b txt
|2 rdacontent
|
| 337 |
|
|
|a unmediated
|b n
|2 rdamedia
|
| 338 |
|
|
|a volume
|b nc
|2 rdacarrier
|
| 600 |
1 |
0 |
|a Walker, Peter,
|d 1932-2010.
|
| 650 |
|
0 |
|a Landscape architects
|z United States.
|
| 948 |
|
|
|a cataloged
|b h
|c 2005/5/12
|d c
|e jgreene
|f 1:11:15 pm
|
| 994 |
|
|
|a E0
|b TXA
|
| 999 |
|
|
|a MARS
|
| 999 |
f |
f |
|s ef720820-76ea-3a87-896e-539dea3fdb68
|i e03e03f8-68c8-324e-a094-0a21e4e5ae2b
|t 0
|
| 952 |
f |
f |
|p ric
|a Texas A&M University
|b Rellis Campus
|c Joint Library Facility
|s JLF
|d Remote Storage
|t 0
|e SB470.W34 A4 2005
|h Library of Congress classification
|i unmediated -- volume
|m A14833788189
|
| 998 |
f |
f |
|a SB470.W34 A4 2005
|t 0
|l Remote Storage
|